Statistiques concernant Points culminants des 8 continents

Cliquez ici pour prendre le quiz!

Statistiques générales

  • Ce quiz a été pris 57 fois
  • Le résultat moyen est 3 sur 8

Statistiques - réponses

Continent Altitude Montagne % Correct
Asie8848Everest
98%
Afrique5892Kilimandjaro
58%
Europe5642Elbrouz
56%
Amérique du sud6962Aconcagua
51%
Amérique du Nord6190Denali
25%
Océanie4884Puncak Jaya
11%
Antarctique4892Massif Vinson
7%
Australie2228Mont Kosciuszko
5%

Distribution des résultats

Percentile by Number Answered

% des personnes avec chaque résultat

Votre développement - résultats

Vous n’avez pas pris ce quiz